| 000 | 00596nam a2200193 i 4500 | ||
|---|---|---|---|
| 001 | 114094 | ||
| 003 | ES-MaACL | ||
| 005 | 20230906190057.0 | ||
| 007 | t| | ||
| 008 | 061121s1965 sp r ||||1| spa d | ||
| 100 | 1 |
_aPal, Imre. _988355 |
|
| 245 | 1 | 0 |
_aGeometría descriptiva / _cImre Pal ; versión española de Julio Porcel Moleón. |
| 260 |
_aMadrid : _bAguilar, _c1965. |
||
| 300 |
_aX, 189 p. : _bil ; _c25 cm. |
||
| 650 | 4 |
_aGeometría descriptiva. _9136182 |
|
| 700 | 1 |
_aPorcel Moleón, Julio. _993116 |
|
| 852 |
_aES-MaACL _jC-26980 _bR.55922 |
||
| 852 |
_aES-MaACL _jC-27176 _bR.56129 |
||
| 999 |
_c114094 _d114094 |
||